ბათუმის შოთა რუსთაველის სახელმწიფო უნივერსიტეტის ბიბლიოთეკა

Монтаж технологического оборудования нефте-перерабатывающих заводов. (ბიბ.ჩანაწერი № 38395)

000 -LEADER
fixed length control field 00765nam a2200205Ia 4500
001 - CONTROL NUMBER
control field 4405
003 - CONTROL NUMBER IDENTIFIER
control field GE_BSU
008 - FIXED-LENGTH DATA ELEMENTS--GENERAL INFORMATION
fixed length control field 181216s||||||||xx |||||||||||||| ||und||
040 ## - CATALOGING SOURCE
Transcribing agency GE_BSU
080 ## - UNIVERSAL DECIMAL CLASSIFICATION NUMBER
Universal Decimal Classification number 69.057+665(075.32)
100 ## - MAIN ENTRY--PERSONAL NAME
Personal name Гальперин М.И. Артемьев,В.И. Местечкин,Л.М.
245 ## - TITLE STATEMENT
Title Монтаж технологического оборудования нефте-перерабатывающих заводов.
245 ## - TITLE STATEMENT
Remainder of title Учебник.
260 ## - PUBLICATION, DISTRIBUTION, ETC.
Place of publication, distribution, etc. М.
260 ## - PUBLICATION, DISTRIBUTION, ETC.
Name of publisher, distributor, etc. Стройиздат.
260 ## - PUBLICATION, DISTRIBUTION, ETC.
Date of publication, distribution, etc. 1982.
300 ## - PHYSICAL DESCRIPTION
Extent 351стр.с илл.22 см.
653 ## - INDEX TERM--UNCONTROLLED
Uncontrolled term Монтаж технологического оборудования нефтеперерабатывающих заводов.
942 ## - ADDED ENTRY ELEMENTS (KOHA)
Koha item type წიგნი
ეგზემპლარები
Withdrawn status Lost status Damaged status Not for loan Date acquired Barcode Date last seen Price effective from Koha item type Public note
        2018-12-17 9343 2018-12-17 2018-12-17 წიგნი საცავი
        2018-12-17 9551 2018-12-17 2018-12-17 წიგნი საცავი